Kanne, Nalama? (Record no. 249466)

MARC details
000 -LEADER
fixed length control field 00425nam a22001577a 4500
008 - FIXED-LENGTH DATA ELEMENTS--GENERAL INFORMATION
fixed length control field 260225b |||||||| |||| 00| 0 eng d
082 ## - DEWEY DECIMAL CLASSIFICATION NUMBER
Classification number 617.7
100 ## - MAIN ENTRY--PERSONAL NAME
Personal name Ramakrishnan
245 ## - TITLE STATEMENT
Title Kanne, Nalama?
Remainder of title Kannkalai Arivom, Kannalam Kaappom
Statement of responsibility, etc Ramakrishnan R & Arunkumar M
250 ## - EDITION STATEMENT
Edition statement 1st
260 ## - PUBLICATION, DISTRIBUTION, ETC. (IMPRINT)
Place of publication, distribution, etc Tirunelveli
Name of publisher, distributor, etc Leo Prints
Date of publication, distribution, etc 2008
650 ## - SUBJECT ADDED ENTRY--TOPICAL TERM
Form subdivision General
General subdivision General
942 ## - ADDED ENTRY ELEMENTS (KOHA)
Item type Books
Holdings
Withdrawn status Lost status Damaged status Permanent location Current location Shelving location Date acquired Source of acquisition Full call number Barcode Date last seen Koha item type
      CENTRAL LIBRARY, NOORUL ISLAM CENTRE FOR HIGHER EDUCATION CENTRAL LIBRARY, NOORUL ISLAM CENTRE FOR HIGHER EDUCATION General stacks 02/25/2026 Gift Books 617.7 P8 85204 02/25/2026 Books
Visitors:
Copyright © 2024 Central Library NICHE.  All rights reserved.